Morphologie des rektalen GALT-Systems bei Rhesusaffen und Nachweis retroviralen Antigens an endoskopisch entnommenen Probeexcisionen im Infektionsverlauf SIV-infizierter Rhesusaffen /

Bibliographic Details
Main Author: Herrmann, Kathrin
Format: Thesis Book
Language:German
Published: [Place of publication not identified] : [publisher not identified], 1997.

MARC

Tag First Indicator Second Indicator Subfields
LEADER 00000cam a2200000Ka 4500
001 in00004530700
005 20191205081730.0
008 990618s1997 gw a 000 0 ger d
015 |a 98,H04,1895  |2 dnb 
016 7 |a 953053105  |2 DE-101 
035 |a (OCoLC)ocm41570444 
035 |a (OCoLC)41570444 
035 |z (UtOrBLW)62815 
035 |a 90098 
040 |a IWA  |c IWA  |d HEBIS  |d DEBBG  |d UtOrBLW 
049 |a TMVM 
100 1 |a Herrmann, Kathrin. 
245 1 0 |a Morphologie des rektalen GALT-Systems bei Rhesusaffen und Nachweis retroviralen Antigens an endoskopisch entnommenen Probeexcisionen im Infektionsverlauf SIV-infizierter Rhesusaffen /  |c von Kathrin Herrmann geb. Lampe-Dreyer. 
264 1 |a [Place of publication not identified] :  |b [publisher not identified],  |c 1997. 
300 |a 159 pages :  |b illustrations ;  |c 21 cm. 
336 |a text  |2 rdacontent  |b txt 
337 |a unmediated  |2 rdamedia 
338 |a volume  |2 rdacarrier  |b nc 
502 |b Dr. med. vet.  |c Tierärztliche Hochschule Hannover  |d 1997. 
500 |a Summary in English. 
504 |a Includes bibliography. 
999 |a MARS 
999 f f |s 8023ae49-3db6-364d-8607-e78492425d2e  |i 2c5dba44-5a2e-3c42-b92a-dc833f0216a6  |t 0 
952 f f |p preservation  |a Texas A&M University  |b J.J. Pickle Campus  |c High Density Repository  |d Remote Storage  |t 0  |e German dissertations  |h Other scheme  |i unmediated -- volume  |m 3238902449102 
998 f f |a German dissertations  |t 0  |l Remote Storage